| 000 | 00387nam a2200133Ia 4500 | ||
|---|---|---|---|
| 008 | 230917s9999||||xx |||||||||||||| ||und|| | ||
| 040 |
_e107143 _aMAIN |
||
| 041 | _aEnglish | ||
| 082 | _a576.5 P193P | ||
| 100 | _aPunkaj Kumar | ||
| 245 | 0 | _aPolulation genetics of Allozyme variation and metric traits in wild and laboratory populations of Drosophila | |
| 300 | _axviii p. | ||
| 942 | _cTH | ||
| 999 |
_c89473 _d89473 |
||